000 00484nam a2200181Ia 4500
001 8867
005 20260306160641.0
008 260306t2010||||xx |||||||||||||| ||spa||
041 _aESP
082 _a371.782
_bK439
100 _aKevorkian, Meline
_eAUT
245 0 _aBullying:
_bcómo evitar el maltrato entre niños y ayudarlos a desarrollar relaciones positivas
260 _c2010
300 _a105 páginas :
_c
650 _aGEN
654 _aCED
942 _cLIB
_dJUS
_fJUS
_2ddc
_n
999 _c8867
_d8867